| 000 | 00000nam##2200000za#4500 |
| 001 | 9.613993 |
| 003 | CaOODSP |
| 005 | 20220111083438 |
| 007 | ta |
| 008 | 150406|1997||||xxc||||| f|0| 0 eng|d |
| 020 | |a0-662-26015-5 |
| 022 | |a1713-0638 |
| 040 | |aCaOODSP|beng |
| 043 | |an-cn--- |
| 086 | 1 |aNE22-1/1997-11E |
| 110 | 1 |aCanada. |bNational Energy Board. |
| 245 | 10|aTransCanada PipeLines Limited : |bapplication dated 19 March 1997, as amended 29 April 1997, for new tolls effective 1 January 1997; and application dated 6 May 1997 for approval of TransCanada's FST conversion proposal |
| 260 | |aCalgary - Alberta : |bNational Energy Board |cSeptember, 1997. |
| 300 | |avii, 29p. : |btables ; |c28 cm. |
| 490 | 1 |aReasons for decision|x1713-0638 |
| 563 | |aSoftcover |
| 590 | |a97-39|b1997-09-26 |
| 776 | 0#|tReasons for decision in the matter of TransCanada PipeLines Limited : |w(CaOODSP)9.572511 |
| 830 | #0|aReasons for decision (Canada. National Energy Board)|x1713-0638|w(CaOODSP)9.514808 |
| 986 | |aRH-1-97 |